000 01046nam a22002777a 4500
001 8440
003 FISKH
005 20250912093455.0
008 250912b cb ||||| |||| 00| 0 eng d
040 _aFISKH
_beng
_cFISKH
_dFISKH
082 _a780
100 _aWheeler, Opal
245 _aThe youngest musician /
_cOpal Wheeler and Sybil Deucher ; illustrate by Jack Hearne
250 _aThis edition published in 1972
260 _aChicago :
_bScience Research Associates,
_c1937
300 _a32 pages :
_bcolor illustrations ;
_c21 cm
505 _aH
520 _aIt's a happy life for Sebastian until he is ten years old. Everyone in the Bach household makes music. Sebastian sings and plays the violin, and his parents are proud of him. Then he is sent to live with his grown-up brother, Christoph
521 8 _a430
_bLexile estimate
521 8 _aH
_bRaz-Plus
650 _aMusicians
_vHistory
700 _aDeucher, Sybil
_eAuthor
700 _aHearne, Jack
_eillustrator
942 _2ddc
_cBK
_n0
999 _c8440
_d8440